LEADER 00852naa a2200229 u 4500 001 000000093707 003 CaOOAMICUS 005 20070226130135.0 008 010713m19671969fr u000 u eng u 035 $a10897310 040 $aPUL(R)$bita 100 1 $aBentivoglio, Ludovico M.$0(OLS)http://pul/name/29671 245 10$aConflicts problems in air law /$cby Ludovico M. Bentivoglio. 260 $a[S. l. :$bs. n.],$c1967-1969. 300 $aP. [69-181] 504 $aBibliografia in nota. 650 4$aDiritto aeronautico.$0(OLS)http://pul/subject/2930 650 4$aDiritto internazionale.$0(OLS)http://pul/subject/2505 773 0 $tRecueil des cours$gv.III (1966) 773 0 $tRecueil des cours 1966$w()60096 996 $6245$aConflicts problems in air law$9(OLS)http://pul/title/120567 996 $6260$a[S. l. :$bs. n.]$9(OLS)http://pul/publisher/47882 LEADER 01399nam a2200265 a 4500 001 000000164273 003 CaOOAMICUS 005 20171116174956.0 008 171116s1993 it m 000 u fre d 032 $aLibriCat 040 $aPUL$bita 100 1 $aBiho, Honoré.$0(OLS)http://pul/name/105605 245 10$aVivre et vaincre la maladie dans la foi en Dieu : $bcontribution à la théologie pastorale de la maladie-guérison en milieu Wè de Côte d'Ivoire / $cHonoré Biho. 260 $aRoma :$b[s.n.],$c1993. 300 $a349 p. ;$c21 cm. 502 $aEstratto di Tesi -- Pontificia Facoltà Teologica Teresianum Camillianum. Istituto Internazionale di Teologia Pastorale Sanitaria. 1993. 504 $aBibliografia in nota a piè pagina. 650 04$aPastorale sanitaria.$0(OLS)http://pul/subject/44832 710 2 $aTeresianum.$bIstituto Internazionale di Pastorale Sanitaria$kTesi.$0(OLS)http://pul/name/105603 850 $aPUL 852 $aPUL$W1$xDP1 Tesi Pon. Fac. Teresianum$y48$mTH TER 137$j188397$qTesi$B191559$CPULBib$Z2$F191559 $H75797 $82 941 1 $a16 996 $6245$aVivre et vaincre la maladie dans la foi en Dieu : $bcontribution à la théologie pastorale de la maladie-guérison en milieu Wè de Côte d'Ivoire / $9(OLS)http://pul/title/203958 996 $6260$aRoma :$b[s.n.]$9(OLS)http://pul/publisher/47958